The Most Recent... United Kingdom - Statistics

General Stats
  • This quiz has been taken 860 times
  • The average score is 11 of 20
Answer Stats
The most recent... Year Answer % Correct
U.K. city to host the Summer Olympics 2012 London
99%
U.K. nation to win a major men's international soccer tournament 1966 England
95%
Country in the U.K. to have over 200mm (7.87in) of rainfall in a single day 1974 Scotland
94%
Country in the U.K. to win a Men's soccer match against England 2005 Northern Ireland
87%
Actor to portray James Bond 2021 Daniel Craig
86%
Prime Minister to serve for over one year 2022-2024 Rishi Sunak
86%
British man to win a singles title Wimbledon 2016 Andy Murray
78%
Welsh team to play in the Premier League 2017-2019 Cardiff City
75%
Non "Big-Six" club (Arsenal, Chelsea, Liverpool, Man City, Man United, Spurs) to win a Premier League title 2016 Leicester City
74%
Non-English Prime Minister 2010 Gordon Brown
70%
Conflict only involving British nations 1968-1998 The Troubles
57%
U.K war against the United States 1812–1815 War of 1812
53%
British actress to win an Academy Award for Best Actress 2018 Olivia Colman
32%
Win in Eurovision 1997 "Love Shine a Light" - Katrina and the Waves
27%
British movie to win the Academy Award for Best Picture 2010 The King's Speech
27%
Prime Minister to be unaffiliated with either the Labour or Conservative parties 1935 Ramsay MacDonald
17%
British artist to win a Grammy award for Album of the Year 2022 Harry Styles
14%
Country to declare independence from the U.K. 1984 Brunei
9%
Country to join the British commonwealth 2022 Togo | Gabon
8%
Festival to have an Oasis performance 2009 V Festival
4%
No matching quizzes found
Score Distribution
Percent of People with Each Score
Percentile by Number Answered
Your Score History
You have not taken this quiz